| 000 | 00807nam a2200229 a 4500 | ||
|---|---|---|---|
| 005 | 20240925064625.0 | ||
| 008 | 060302s2004 mx r 000 0 spa d | ||
| 020 | _a968853580X | ||
| 035 | _aUPN01000142914 | ||
| 049 | _aCG | ||
| 050 | 4 |
_aBF698.35 R4.7 _bB7.6 |
|
| 100 | 1 | _aBrooks, Robert | |
| 245 | 1 | 3 |
_aEl poder de la resiliencia : _bcómo lograr el equilibrio, la seguridad y la fuerza interior necesarios para vivir en paz / _cRobert Brooks, Sam Goldstein ; tr. Beatriz Bueno. |
| 260 |
_aMéxico : _bPaidós, _c2004. |
||
| 300 | _a346 p. | ||
| 440 | 0 |
_aDivulgación/Autoayuda ; _v213 |
|
| 534 |
_pTítulo original: _tPower of resilience |
||
| 650 | 2 |
_aResiliencia (Rasgo de la personalidad) _96115 |
|
| 650 | 4 |
_aPersonalidad _97690 |
|
| 700 | 1 |
_aGoldstein, Sam, _d1952- , _ecoaut. |
|
| 905 | _aLibro | ||
| 999 |
_c115061 _d115061 |
||